000 003940000a22001690004500
003 LK-CoMWRAF
008 230817t ||||| |||| 00| 0 eng d
040 _aLK-CoMWRAF
_dLK-CoMWRAF
_eLK-CoMWRAF
041 _aeng
082 _a026
_bGNA
100 _aGnani
245 _aCreativity In Tamil Literature
_b
260 _aIndia
_bLakshmi
_c1999
300 _ap.256
650 _aTamil
942 _cBK
999 _c587
_d587